000 00208 a2200097 4500
001 48647
100 _aSacchi, Louise
245 _aOcean flying
260 _aNew York
_bMcGraw-Hill
_c
090 _c31573
_d31573
942 _aNUST-CAE
_cM
_c23973
999 _c283720
_d283720